000 00292nam a22001337a 4500
008 181105b xxu||||| |||| 00| 0 eng d
020 _a9780072349931
041 _aeng
080 _a311
100 _a51
101 _aSTA
245 _aElementary Statistics
_cBluman, A.G
942 _2udc
_cBK
999 _c51904
_d51904